Adoption of rubber clones/seedling trees in the estate sector in India: Recent trends (Record no. 52132)

MARC details
000 -LEADER
fixed length control field 00535nam a2200193Ia 4500
100 ## - MAIN ENTRY--AUTHOR NAME
Personal name Chandy B.
245 #0 - TITLE STATEMENT
Title Adoption of rubber clones/seedling trees in the estate sector in India: Recent trends
260 ## - PUBLICATION, DISTRIBUTION, ETC. (IMPRINT)
Name of publisher The Planter
Year of publication 2004
300 ## - PHYSICAL DESCRIPTION
Number of Pages 757-768
650 ## - SUBJECT ADDED ENTRY--TOPICAL TERM
Topical Term Clone
650 ## - SUBJECT ADDED ENTRY--TOPICAL TERM
Topical Term Multiclone planting
650 ## - SUBJECT ADDED ENTRY--TOPICAL TERM
Topical Term Planting material
650 ## - SUBJECT ADDED ENTRY--TOPICAL TERM
Topical Term Planting recommendation
700 ## - ADDED ENTRY--PERSONAL NAME
Personal name George K.T.
700 ## - ADDED ENTRY--PERSONAL NAME
Personal name Joseph T.[a]
700 ## - ADDED ENTRY--PERSONAL NAME
Personal name Viswanathan P.K.
942 ## - ADDED ENTRY ELEMENTS (KOHA)
Koha item type Bibliography STAF
Holdings
Withdrawn status Lost status Damaged status Not for loan Home library Current library Date acquired Serial Enumeration / chronology Koha item type
      Bibliography RRII Library RRII Library 09/04/2014 Volume 80, Issue 945 Bibliography STAF